000 00342nam a22001217a 4500
008 160503b xxu||||| |||| 00| 0 eng d
020 _a9780071436922
020 _a0071436928
041 _aeng
080 _a61
245 _aCurrent medical diagnosis treatment:
_cLawrence M. Tierney ; Stephen J. McPhrr; Maxine A. Papadokis;
942 _2udc
_cBK
999 _c1739
_d1739